Vyskúšajte to bez chémie

Bibliographic Details
Main Author: Bedrna, Zoltán, 1933-2019 (Author)
Format: Article
Language:Slovak
Subjects:
Online Access:http://zahradkar.pluska.sk/zahradkar/clanky/poda/vyskusajte-to-bez-chemie.html

MARC

LEADER 00000nab a2200000 ar4500
001 vtls010104643
003 SK-MaSNL
005 20260304020531.0
008 100609c2010 xo ||||||||||||00 b|slo
015 |a SNBRB2010/06  |2 snkbucl 
038 |a SNKBUCL 
040 |a SNKBUCL  |b slo  |c SNKBUCL  |e AACR2 
041 0 |a slo 
044 |a xo  |c SK 
080 |a 635.018:631.147  |2 1997 
100 1 |a Bedrna, Zoltán,  |d 1933-2019  |4 aut  |9 104011 
245 1 0 |a Vyskúšajte to bez chémie  |c Zoltán Bedrna 
300 |b Fotogr. 
650 0 7 |a záhradkárstvo  |2 snkbucl  |9 2728 
650 0 7 |a biologické pestovanie rastlín  |2 snkbucl  |9 514183 
773 0 |t Záhradkár  |g Roč. XLVI, č. 5 (2010), s. 108-109  |x 0862-5565 
852 |a SNK  |b KIS3GCP 
856 4 1 |u http://zahradkar.pluska.sk/zahradkar/clanky/poda/vyskusajte-to-bez-chemie.html 
999 |c 2599430  |d 2601360